000 00689nam a2200241Ia 4500
003 OSt
005 20220918220621.0
006 a|||||r|||| 00| 0
007 ta
008 220917b |||||||| |||| 00| 0 eng d
024 _a146,542
037 _cTextual
040 _aARTS
_cARTS
_beng
041 _2eng
_aeng
082 _aY45.2186.N7, L8
100 _aNafziger E Wayne
_9123694
245 0 _aClass caste and entrepreneurship
_b A study of Indian industrialist
260 _aHonolulu
_bEast West Centre
_c1978
300 _axi, 188p. tables
_ccm.
650 _aSOCIOLOGY
942 _hY45.2186.N7, L8
_cTEXL
_2CC
999 _c269298
_d269298